| 000 | 01356nam a22002657a 4500 | ||
|---|---|---|---|
| 005 | 20170124103107.0 | ||
| 010 | _aA-421945 | ||
| 020 | _c200.00 | ||
| 035 | _aA-421945 | ||
| 037 | _bCen Lib/Ret | ||
| 040 |
_aDPL _bHN |
||
| 082 |
_a070 _bपटैरि |
||
| 100 |
_aपटैरिया, मनोज कुमार _978633 |
||
| 245 |
_aहिन्दी विज्ञान पत्रकारिता / _cमनोज कुमार पटैरिया |
||
| 246 |
_aHindi vigyan patrkarita / _bby Manoj Kumar Pateriya |
||
| 260 |
_aनई दिल्ली _bतक्षशिला प्रकाशन _c1990 |
||
| 270 |
_a23/4762, अंसारी रोड, दरियागंज _bनई दिल्ली _e110002 |
||
| 300 |
_a256पृ. _c20सेमी(सजिल्द) |
||
| 500 | _aअनुक्रमाणिका और संदर्भ शामिल | ||
| 650 |
_aहिन्दी -- विज्ञान पत्रकारिता _978634 |
||
| 650 |
_aहिन्दी -- विज्ञान पत्रकारिता का विकास और महत्त्व _978635 |
||
| 650 |
_aHindi -- Science journalism _978636 |
||
| 650 |
_aHindi -- Development and importance of science journalism _978637 |
||
| 942 |
_2ddc _cHN _h070 _mपटैरि |
||
| 999 |
_c118162 _d118162 |
||